TRANSLATIONAL medicine and drug discovery
Saved in:
| Format: | Book |
|---|---|
| Language: | English |
| Published: |
Cambridge University Press
2014
|
| Tags: |
Add Tag
No Tags, Be the first to tag this record!
|
MARC
| LEADER | 00000nam a22000007a 4500 | ||
|---|---|---|---|
| 008 | 210816b ||||| |||| 00| 0 eng d | ||
| 020 | |a 9781107435940 | ||
| 245 | |a TRANSLATIONAL medicine and drug discovery |c edited by Bruce H. Littman [and] Rajesh Krishna |g xx,361p.:ill. | ||
| 250 | |c LITTMAN, Buce H. [and] KRISHNA, Rajesh | ||
| 260 | |b Cambridge University Press |c 2014 |h New York |i 696778 |i 696779 |m RM301.25T68 | ||
| 500 | |a It includes index and references | ||
| 942 | |a lcc |c BK |e Kuteyi M.A. |f 16/8/2021 | ||
| 952 | |0 0 |1 0 |2 lcc |4 0 |6 RM030125 T68 |7 0 |9 3057 |a HOL |b HOL |c QZ |d 2021-08-16 |l 0 |o RM301.25T68 |p 2021-66756 |r 2021-08-16 00:00:00 |w 2021-08-16 |y BK | ||
| 952 | |0 0 |1 0 |2 lcc |4 0 |6 RM030125 T68 |7 0 |9 3058 |a HOL |b ML |c QZ |d 2021-08-16 |l 0 |o RM301.25T68 |p 2021-66757 |r 2021-08-16 00:00:00 |w 2021-08-16 |y BK | ||
| 999 | |c 1549 |d 1549 | ||